Družstevníctvo vo svetle zákona.

Objasnenie problematiky delenia majetku družstva a podielového nároku oprávnenej osoby. Osobitný spôsob rozdeľovania čistého majetku v poľnohospodárskych družstvách. Povinnosť vyčleniť čiastku 25 perc. pre osobitný účel. Charakteristika zákonného delenia pôdy, práce a iného majetku. Delenie podľa vý...

Descrizione completa

Salvato in:
Dettagli Bibliografici
Autore principale: Štefanovič, Milan
Natura: Capitolo di libro
Lingua:slovacco
Soggetti:
Tags: Aggiungi Tag
Nessun Tag, puoi essere il primo ad aggiungerne!!

MARC

LEADER 00000naa a2200000 4500
001 r007598
005 20220831085521.8
041 0 |a slo 
044 |a [CS] 
245 1 0 |a Družstevníctvo vo svetle zákona.  |c Milan Štefanovič 
520 |a Objasnenie problematiky delenia majetku družstva a podielového nároku oprávnenej osoby. Osobitný spôsob rozdeľovania čistého majetku v poľnohospodárskych družstvách. Povinnosť vyčleniť čiastku 25 perc. pre osobitný účel. Charakteristika zákonného delenia pôdy, práce a iného majetku. Delenie podľa výmery pôdy, podľa odpracovaných rokov a podľa hodnoty ostatného majetku. 
610 2 0 |a družstvá 
610 2 0 |a zákony 
610 2 0 |a ČSFR 
610 2 0 |a družstvá poľnohospodárske 
100 1 |a Štefanovič, Milan